|
|
|
|
| LEADER |
00580cam a2200193 a 4500 |
| 001 |
0000064066 |
| 005 |
20050726090000.0 |
| 040 |
|
|
|a mod
|
| 041 |
|
|
|a eng
|
| 020 |
0 |
0 |
|a 0470820632
|
| 090 |
0 |
0 |
|a 338.951132
|b BRA
|e 2002
|
| 100 |
1 |
0 |
|a Brahm
|h Laurence J.
|
| 245 |
1 |
0 |
|a Zhu Rongji and the transformation of modern China
|c Laurence J. Brahm
|
| 260 |
0 |
0 |
|a Singapore
|b John Wiley & Sons
|c 2002
|
| 300 |
0 |
0 |
|a xix,302
|c 22cm
|
| 500 |
0 |
0 |
|a Includes index
|
| 650 |
0 |
0 |
|a Economic
|z China
|
| 650 |
0 |
0 |
|a Transfomation
|x Economic
|z China
|
| 999 |
|
|
|a 0210715
|b KD Malaya
|d BOOKS
|e Umum
|f KD MALAYA
|j AVAILABLE
|q GOOD CONDITION
|